Mundo do Trabalho Atualidades, Desafios e Perspectivas /

Detalles Bibliográficos
Autor principal: ℓvila, Any
Otros Autores: Alencar Rodrigues, Douglas, de Castilho Pereira, Jos ̌Luciano
Formato: eBook
Lenguaje:portugués
Publicado: San Pablo: LTR Editora, 2014
Materias:
Acceso en línea:Acceso restringido

MARC

LEADER 00000nam a22000007a 4500
005 20141010011234.0
007 cr|||| ||||
008 141010s2014 br |||||s|||| 00||0 por d
020 |a 978-85-361-3013-2 
035 |a 12450 
040 |a vLex 
090 |c 5215  |d 5215 
100 1 |a ℓvila, Any 
245 1 0 |a Mundo do Trabalho  |h [Recurso electrn̤ico] :  |b Atualidades, Desafios e Perspectivas /  |c Any ℓvila, Douglas Alencar Rodrigues, Jos ̌Luciano de Castilho Pereira 
256 |a Servicio en ln̕ea 
260 |a San Pablo:  |b LTR Editora,  |c 2014 
300 |a 1 recurso electrn̤ico 
506 1 |a Disponible solo en los productos indicados  |d vLex Global  |d vLex Global (Academic Edition, excluding Law Schools)  |d vLex Global (U.S. Academic Edition, Law Schools)  |d vLex Global (U.S. Academic Edition, excluding Law Schools)  |d vLex Global (Academic Edition, Law Schools) 
650 0 4 |a Derecho Laboral y Seguridad Social  |z Brasil 
700 1 |a Alencar Rodrigues, Douglas 
700 1 |a de Castilho Pereira, Jos ̌Luciano 
740 0 |a vLex Libros (Servicio en ln̕ea) 
856 4 0 |u http://vlex.com/source/mundo-trabalho-12450  |z Acceso restringido 
942 |c BOOK 
999 0 |a Labor Law and Social Security